000 00257nam a2200097Ia 4500
008 231129s9999||||xx |||||||||||||| ||spa||
082 _a649.1 S939
245 0 _aSu niƱo : un manual para los padres
264 _aMeredith Publishing Company
942 _2ddc
_cBKS
999 _c24868
_d24868